| 000 | nam a22 7a 4500 | ||
|---|---|---|---|
| 999 |
_c30319 _d30319 |
||
| 008 | 190516b xxu||||| |||| 00| 0 eng d | ||
| 020 | _a9781557985651 | ||
| 040 | _amksu | ||
| 050 |
_aBF 337 _b.C63C64 1999 |
||
| 100 | _aHarmon-Jones, Eddie. | ||
| 245 |
_aCognitive dissonance : _bprogress on a pivotal theory in social psychology / _cEddie Harmon-Jones & Judson Mills. |
||
| 260 |
_aWashington,DC : _bAmerican Psychological Association, _c1999. |
||
| 300 |
_axviii,411p. : _bill. ; _c24cm. |
||
| 500 | _ainclude author index and subject index. | ||
| 650 | _aCognitive dissonance. | ||
| 700 | _aMills,Judson. | ||
| 942 |
_2lcc _cBOOKS _hBF 337 .C63C64 1999 |
||